La Función social constitutiva de las relaciones públicas: una contribución a la discusión sobre la Teoría de la Comunicación /
Guardado en:
| Autor principal: | |
|---|---|
| Formato: | Texto |
| Materias: | |
| Etiquetas: |
Agregar Etiqueta
Sin Etiquetas, Sea el primero en etiquetar este registro!
|
MARC
| LEADER | 00000 a a2200000 04500 | ||
|---|---|---|---|
| 001 | 3818 | ||
| 003 | |||
| 040 | |||
| 100 | |a Entel, Alicia | ||
| 245 | |a La Función social constitutiva de las relaciones públicas: |b una contribución a la discusión sobre la Teoría de la Comunicación / |c Alicia Entel | ||
| 650 | |a COMUNICACION | ||
| 650 | |a POLITICA | ||
| 650 | |a RELACIONES PUBLICAS | ||
| 650 | |a COMPORTAMIENTO POLITICO | ||
| 650 | |a OPINION PUBLICA | ||
| 773 | |g volumen 17, número 2 (66); páginas 27-54 | ||
| 999 | |c 29757 |d 29757 | ||
